Ranking Formula 1 2014 - Statistics

General Stats
  • This quiz has been taken 92 times
  • The average score is 18 of 23
Answer Stats
Ranking Driver Team Points Country % Correct
1 Lewis Hamilton Mercedes 384 UK
100%
3 Daniel Ricciardo Red Bull 238 Australia
99%
2 Nico Rosberg Mercedes 317 Germany
99%
5 Sebastian Vettel Red Bull 167 Germany
99%
6 Fernando Alonso Ferrari 161 Spain
97%
12 Kimi Raikkonen Ferrari 55 Finland
97%
10 Sergio Perez Force India 59 Mexico
96%
4 Valtteri Bottas Williams 186 Finland
96%
7 Felipe Massa Williams 134 Brazil
94%
8 Jenson Button McLaren 126 UK
92%
11 Kevin Magnussen McLaren 55 Denmark
92%
9 Nico Hulkenberg Force India 95 Germany
90%
16 Pastor Maldonado Lotus 2 Venezuela
85%
14 Romain Grosjean Lotus 8 France
85%
17 Jules Bianchi Marussia 2 France
68%
19 Marcus Ericsson Caterham 0 Sweden
63%
20 Esteban Gutierrez Sauber 0 Mexico
61%
22 Kamui Kobayashi Caterham 0 Japan
61%
13 Jean-Éric Vergne Toro Rosso 22 France
56%
18 Adrian Sutil Sauber 0 Germany
49%
21 Max Chilton Marussia 0 UK
47%
15 Daniil Kvjat Toro Rosso 8 Russia
37%
23 Will Stevens Caterham 0 UK
28%
No matching quizzes found
Score Distribution
Percent of People with Each Score
Percentile by Number Answered
Your Score History
You have not taken this quiz